| 000 | 00363nam a2200169Ia 4500 | ||
|---|---|---|---|
| 001 | 23254 | ||
| 003 | IN-NITTTR | ||
| 005 | 20251114233301.0 | ||
| 008 | 251113s9999||||xx |||||||||||||| ||eng|| | ||
| 040 | _beng | ||
| 040 | _cIN-NITTTR | ||
| 041 | _aeng | ||
| 082 | _a133.5 C41Y | ||
| 100 | _aCheiro, | ||
| 245 | 0 |
_aYou and your hand / _cCheiro |
|
| 942 |
_2ddc _cBK |
||
| 999 |
_c25883 _d25883 |
||